The king of California : (Record no. 958)

000 -LEADER
fixed length control field 01868nam a22004457a 4500
001 - CONTROL NUMBER
control field 13278151
003 - CONTROL NUMBER IDENTIFIER
control field OSt
005 - DATE AND TIME OF LATEST TRANSACTION
control field 20210426111412.0
008 - FIXED-LENGTH DATA ELEMENTS--GENERAL INFORMATION
fixed length control field 030717s2003 nyua b 001 0ceng
010 ## - LIBRARY OF CONGRESS CONTROL NUMBER
LC control number 2003058495
020 ## - INTERNATIONAL STANDARD BOOK NUMBER
International Standard Book Number 1586480286
020 ## - INTERNATIONAL STANDARD BOOK NUMBER
International Standard Book Number 9781586482817 (pbk.)
040 ## - CATALOGING SOURCE
Original cataloging agency DLC
Transcribing agency DLC
Modifying agency DLC
043 ## - GEOGRAPHIC AREA CODE
Geographic area code n-us-ca
050 00 - LIBRARY OF CONGRESS CALL NUMBER
Classification number F868.S173
Item number A73 2003
080 ## - UNIVERSAL DECIMAL CLASSIFICATION NUMBER
Universal Decimal Classification number 92
Item number A-70
082 00 - DEWEY DECIMAL CLASSIFICATION NUMBER
Classification number 979.4/805/092
-- B
Edition number 22
100 1# - MAIN ENTRY--PERSONAL NAME
Personal name Arax, Mark,
Dates associated with a name 1956-
245 14 - TITLE STATEMENT
Title The king of California :
Remainder of title J.G. Boswell and the making of a secret American empire /
Statement of responsibility, etc. Mark Arax & Rick Wartzman.
260 ## - PUBLICATION, DISTRIBUTION, ETC.
Place of publication, distribution, etc. New York :
Name of publisher, distributor, etc. PublicAffairs,
Date of publication, distribution, etc. c2003.
300 ## - PHYSICAL DESCRIPTION
Extent viii, 558 p. :
Other physical details ill. ;
Dimensions 25 cm.
365 ## - TRADE PRICE
Price note 30.00 USD
500 ## - GENERAL NOTE
General note Maps on endpapers.
504 ## - BIBLIOGRAPHY, ETC. NOTE
Bibliography, etc. note Includes bibliographical references (p. 521-531) and index.
600 10 - SUBJECT ADDED ENTRY--PERSONAL NAME
Personal name Boswell, James Griffin.
600 30 - SUBJECT ADDED ENTRY--PERSONAL NAME
Personal name Boswell family.
650 #0 - SUBJECT ADDED ENTRY--TOPICAL TERM
Topical term or geographic name entry element Pioneers
Geographic subdivision California
-- San Joaquin Valley
Form subdivision Biography.
650 #0 - SUBJECT ADDED ENTRY--TOPICAL TERM
Topical term or geographic name entry element Cotton farmers
Geographic subdivision California
-- San Joaquin Valley
Form subdivision Biography.
650 #0 - SUBJECT ADDED ENTRY--TOPICAL TERM
Topical term or geographic name entry element Businessmen
Geographic subdivision California
-- San Joaquin Valley
Form subdivision Biography.
650 #0 - SUBJECT ADDED ENTRY--TOPICAL TERM
Topical term or geographic name entry element Cotton growing
Geographic subdivision California
-- San Joaquin Valley
General subdivision History
Chronological subdivision 20th century.
650 #0 - SUBJECT ADDED ENTRY--TOPICAL TERM
Topical term or geographic name entry element Agricultural industries
Geographic subdivision California
-- San Joaquin Valley
General subdivision History
Chronological subdivision 20th century.
651 #0 - SUBJECT ADDED ENTRY--GEOGRAPHIC NAME
Geographic name San Joaquin Valley (Calif.)
General subdivision History
Chronological subdivision 20th century.
651 #0 - SUBJECT ADDED ENTRY--GEOGRAPHIC NAME
Geographic name San Joaquin Valley (Calif.)
General subdivision Economic conditions
Chronological subdivision 20th century.
651 #0 - SUBJECT ADDED ENTRY--GEOGRAPHIC NAME
Geographic name San Joaquin Valley (Calif.)
Form subdivision Biography.
653 ## - INDEX TERM--UNCONTROLLED
Uncontrolled term ბიოგრაფია
700 1# - ADDED ENTRY--PERSONAL NAME
Personal name Wartzman, Rick.
906 ## - LOCAL DATA ELEMENT F, LDF (RLIN)
a 7
b cbc
c orignew
d 1
e ocip
f 20
g y-gencatlg
942 ## - ADDED ENTRY ELEMENTS (KOHA)
Source of classification or shelving scheme
Koha item type Books
Holdings
Withdrawn status Lost status Source of classification or shelving scheme Damaged status Not for loan Permanent location Current location Date acquired Inventory number Total Checkouts Full call number Barcode Date last seen Price effective from Koha item type
          Ken Walker International University Ken Walker International University 01/27/2021 2441   92 A-70 2441 01/27/2021 01/27/2021 Books
          Ken Walker International University Ken Walker International University 02/04/2021 373   92 A-70 373 02/04/2021 02/04/2021 Books

Powered by Koha